ბათუმის შოთა რუსთაველის სახელმწიფო უნივერსიტეტის ბიბლიოთეკა

Древний Египет / (ბიბ.ჩანაწერი № 60771)

000 -LEADER
fixed length control field 00573nam a22001697a 4500
005 - DATE AND TIME OF LATEST TRANSACTION
control field 20231019165551.0
008 - FIXED-LENGTH DATA ELEMENTS--GENERAL INFORMATION
fixed length control field 231019s2004 ru ||||| |||| 00| 0 rus d
041 ## - LANGUAGE CODE
Language code of text/sound track or separate title rus
080 ## - UNIVERSAL DECIMAL CLASSIFICATION NUMBER
Universal Decimal Classification number 94(32) B-32
100 ## - MAIN ENTRY--PERSONAL NAME
Personal name Веркуттер, Жан
9 (RLIN) 20144
245 ## - TITLE STATEMENT
Title Древний Египет /
Statement of responsibility, etc. Ж. Веркуттер.
264 ## - PRODUCTION, PUBLICATION, DISTRIBUTION, MANUFACTURE, AND COPYRIGHT NOTICE
Place of production, publication, distribution, manufacture М.:
Name of producer, publisher, distributor, manufacturer Астрель,
Date of production, publication, distribution, manufacture, or copyright notice 2004.
300 ## - PHYSICAL DESCRIPTION
Extent 159 стр.;
Other physical details 18 см.
440 ## - SERIES STATEMENT/ADDED ENTRY--TITLE
Title Cogito, ergo sum: Университетская библиотека
9 (RLIN) 20145
653 ## - INDEX TERM--UNCONTROLLED
keyword Უძველესი ეგვიპტე
942 ## - ADDED ENTRY ELEMENTS (KOHA)
Source of classification or shelving scheme
Koha item type წიგნი
ეგზემპლარები
Withdrawn status Lost status Source of classification or shelving scheme Damaged status Not for loan Permanent Location Current Location Shelving location Date acquired Cost, normal purchase price Full call number Barcode Date last seen Copy number Uniform Resource Identifier Price effective from Koha item type Public note
          ბათუმის შოთა რუსთაველის სახელმწიფო უნივერსიტეტის მთავარი ბიბლიოთეკა ბათუმის შოთა რუსთაველის სახელმწიფო უნივერსიტეტის მთავარი ბიბლიოთეკა წიგნსაცავი 2023-10-19 5.00 94(32) B-32 65347 2023-10-19 65347 ბსუ-ს საპატიო დოქტორის გურამ ლორთქიფანიძის საჩუქარი 2023-10-19 წიგნი 5 ლ.